Score 0/16 Timer 04:00
0 Plays Today
Scrambled Phrase Unscrambled Phrase % Correct
22DRR2-D2
95.5%
What do they all have in common?Star Wars
92.5%
BOI NAW IEBONKObi Wan Kenobi
91.7%
HATED RATSDeath Star
91.2%
HDRAT REVADDarth Vader
90.4%
RINESSCP IALEPrincess Leia
88.7%
WHACECCABChewbacca
82.2%
EROGGE SCAULGeorge Lucas
73.6%
Scrambled Phrase Unscrambled Phrase % Correct
COFERForce
69.6%
SHORINAR DORFHarrison Ford
68.4%
NUMILMLINE CONALFMillennium Falcon
67.7%
KAWSKERLYSkywalker
54.5%
PORREEMEmperor
43.5%
TIBLASHGERLightsaber
40.3%
DOEREGGreedo
24.8%
OTEATIONTatooine
18.5%
Remove Ads.
Support Sporcle.
Get the best of Sporcle when you Go Orange. This ad-free experience offers more features, more stats, and more fun while also helping to support Sporcle. Thank you for becoming a member.

You're not logged in!

Compare scores with friends on all Sporcle quizzes.
OR
Log In

Show Comments

Extras

Top Quizzes Today


Score Distribution

Your Account Isn't Verified!

In order to create a playlist on Sporcle, you need to verify the email address you used during registration. Go to your Sporcle Settings to finish the process.

Report this User

Report this user for behavior that violates our Community Guidelines.

Details: